000 00665nam a2200205 i 4500
001 172445
003 ES-MaACL
005 20250826051219.0
008 090707s1967 sp |||| | spa d
017 _aM 18443-1967
080 _a336(07)
100 0 _aFranco, Gabriel.
_952223
245 1 0 _aPrincipios de hacienda pública /
_cGabriel Franco ; prólogo por José Mª Naharro Mora.
260 _aMadrid :
_bEditorial de Derecho Financiero,
_c[1967]
300 _aXX, 556 p. :
_b ;
_c25 cm.
650 7 _aHacienda pública
_2embne
_913279
700 0 _aNaharro Mora, José María.
_984861
852 _aES-MaACL
_jE-12760
_9R.143568
999 _c172445
_d172445